000 01460nam2a22002531 4500
001 RU\NLR\INFOCOMM7\5000016705
005 20250617021600.0
035 _a(NLR Aleph) 002370962
090 _a4572031
_c4572031
100 _a20041202d1981 |||y0rusy50 ca
101 0 _arus
102 _aRU
105 _ay ||||000|y
200 1 _aКомплексно-узловой метод организации и управления строительством крупных промышленных комплексов
_fА.Н. Пинский
210 _d1981
_aБ. м.
461 0 _1001RU\NLR\INFOCOMM7\5000016681
_12001#$aСтроительство и архитектура$eОбзор. информ.$hСерия 2$iОрганизация, технология и механизация строительно-монтажных работ$fВНИИ информ. по стр-ву и архитектуре$v1981, Вып.4
_94571949
_cМ.
_d1981-1982
_fВНИИ информ. по стр-ву и архитектуре
_hСерия 2
_iОрганизация, технология и механизация строительно-монтажных работ
_oОбзор. информ.
_tСтроительство и архитектура
_v1981, Вып.4
700 1 _aПинский
_bА.Н.
_4070
801 1 _aRU
_bInfoComm
_c20041203
801 0 _aRU
_bNLR
_gPSBO
852 _aNLR
_jП10/5862
942 _cISSUE
980 _aNB
980 _aRUSPER